Satellite communictions (Record no. 32266)
[ view plain ]
| 000 -LEADER | |
|---|---|
| fixed length control field | 00316nam a2200145Ia 4500 |
| 082 ## - DEWEY DECIMAL CLASSIFICATION NUMBER | |
| Classification number | 621.380422 |
| Item number | PRA |
| 100 ## - MAIN ENTRY--PERSONAL NAME | |
| Personal name | Pratt T bostian C. W |
| 245 ## - TITLE STATEMENT | |
| Title | Satellite communictions |
| 260 ## - PUBLICATION, DISTRIBUTION, ETC. | |
| Name of publisher, distributor, etc. | John wiley |
| Place of publication, distribution, etc. | Singapore |
| Date of publication, distribution, etc. | 1986 |
| 300 ## - PHYSICAL DESCRIPTION | |
| Extent | 472 |
| 546 ## - LANGUAGE NOTE | |
| Language note | ENGLISH |
| 654 ## - SUBJECT ADDED ENTRY--FACETED TOPICAL TERMS | |
| Focus term | Satellite |
| 942 ## - ADDED ENTRY ELEMENTS (KOHA) | |
| Koha item type | BOOK |
| Withdrawn status | Lost status | Damaged status | Not for loan | Collection | Home library | Current library | Date acquired | Total Checkouts | Full call number | Barcode | Date last seen | Price effective from | Koha item type | Source of acquisition | Cost, normal purchase price | Inventory number | Cost, replacement price |
|---|---|---|---|---|---|---|---|---|---|---|---|---|---|---|---|---|---|
| CRC | Fr. Agnel's C.Rodrigues College of Engineering | Fr. Agnel's C.Rodrigues College of Engineering | 17/03/2023 | 621.380422 PRA | 10259 | 17/03/2023 | 17/03/2023 | BOOK | |||||||||
| CRC | Fr. Agnel's C.Rodrigues College of Engineering | Fr. Agnel's C.Rodrigues College of Engineering | 17/03/2023 | 621.380422 PRA | 10260 | 17/03/2023 | 17/03/2023 | BOOK | |||||||||
| CRC | Fr. Agnel's C.Rodrigues College of Engineering | Fr. Agnel's C.Rodrigues College of Engineering | 17/03/2023 | 621.380422 PRA | 10261 | 17/03/2023 | 17/03/2023 | BOOK | |||||||||
| CRC | Fr. Agnel's C.Rodrigues College of Engineering | Fr. Agnel's C.Rodrigues College of Engineering | 17/03/2023 | 621.380422 PRA | 10790 | 17/03/2023 | 17/03/2023 | BOOK | |||||||||
| CRC | Fr. Agnel's C.Rodrigues College of Engineering | Fr. Agnel's C.Rodrigues College of Engineering | 17/03/2023 | 621.380422 PRA | 10791 | 17/03/2023 | 17/03/2023 | BOOK | |||||||||
| CRC | Fr. Agnel's C.Rodrigues College of Engineering | Fr. Agnel's C.Rodrigues College of Engineering | 17/03/2023 | 3743 | 17/03/2023 | 23/07/1992 | BOOK | Progressive Books | 78.00 | 2044 dt 23.07.92 | 78.00 |